[Event "4NCL Online Division 2"]
[Site "online"]
[Date "2020.04.14"]
[Round "2.33"]
[White "Robertson, Mark M"]
[Black "Ortiz Sanchez, Luis"]
[Result "1/2-1/2"]
[WhiteElo "2050"]
[BlackElo "1982"]
[PlyCount "110"]
[EventDate "2020.04.14"]
[WhiteTeam "Catford Cosmonauts 1"]
[BlackTeam "Mushrooms 1"]

1. e4 c5 2. Nf3 Nc6 3. d4 cxd4 4. Nxd4 e5 5. Nb5 a6 6. Nd6+ Bxd6 7. Qxd6 Qf6 8.
Qxf6 Nxf6 9. Nc3 Nb4 10. Bd3 b5 11. Bg5 Bb7 12. a3 Nxd3+ 13. cxd3 Ke7 14. O-O
Rhd8 15. f4 d6 16. Rf2 h6 17. Bxf6+ gxf6 18. Raf1 Rf8 19. Ne2 d5 20. Ng3 dxe4
21. dxe4 Bc8 22. fxe5 fxe5 23. Rf6 Be6 24. Rxh6 Rh8 25. Rxh8 Rxh8 26. Rd1 Rc8
27. Rd2 Rc4 28. Kf2 a5 29. Kf3 b4 30. Ke3 bxa3 31. bxa3 a4 32. h4 Kf6 33. Rd6
Rc3+ 34. Rd3 Rc1 35. Kd2 Rg1 36. Rf3+ Kg6 37. Rf2 Ra1 38. Rf3 Ra2+ 39. Kc3
Rxa3+ 40. Kb4 Ra2 41. Ra3 Rxg2 42. Kxa4 f5 43. exf5+ Bxf5 44. Kb4 Bg4 45. Kc5
Rh2 46. Kd5 Rxh4 47. Kxe5 Bc8 48. Rc3 Bb7 49. Rb3 Bc8 50. Rb6+ Kg7 51. Rc6 Bh3
52. Rc7+ Kg6 53. Rc6+ Kg7 54. Rc7+ Kg6 55. Rc6+ Kg7 1/2-1/2

[Event "4NCL Online Division 2"]
[Site "online"]
[Date "2020.04.14"]
[Round "2.34"]
[White "Nash, Richard J"]
[Black "Roberts, Mike"]
[Result "0-1"]
[WhiteElo "1937"]
[BlackElo "2027"]
[PlyCount "136"]
[EventDate "2020.04.14"]
[WhiteTeam "Mushrooms 1"]
[BlackTeam "Catford Cosmonauts 1"]

1. d4 e6 2. Nf3 f5 3. e4 fxe4 4. Ng5 Nf6 5. f3 c5 6. fxe4 cxd4 7. Bd3 Nc6 8.
O-O Bd6 9. c3 O-O 10. cxd4 Nxd4 11. Be3 Be5 12. Nc3 d6 13. Bc4 d5 14. exd5 exd5
15. Bxd4 Bxh2+ 16. Kh1 dxc4 17. Bc5 Qa5 18. Nce4 Rd8 19. Qf3 Be5 20. Be7 Bg4
21. Nxf6+ Bxf6 22. Qxg4 Bxe7 23. Ne6 Qe5 24. Nxd8 Rxd8 25. Qxc4+ Kh8 26. Qc3
Qd6 27. Rae1 Bf6 28. Qe3 h6 29. b3 a6 30. Qh3 Qd5 31. Re6 Rf8 32. Rfe1 Kh7 33.
Qg4 Rf7 34. Qe4+ Qxe4 35. R1xe4 Kg6 36. Re8 a5 37. Ra4 Bc3 38. Rg4+ Kf5 39. Rc4
Bb4 40. Rec8 Re7 41. Kg1 b6 42. R8c7 Bc5+ 43. Kf1 Rxc7 44. g4+ Kg5 45. Ke2 b5
46. Re4 Bd6 47. Kd3 Kf6 48. a4 b4 49. Kd4 Rc3 50. Kd5 Be7 51. Re6+ Kf7 52. Ra6
Rxb3 53. Rxa5 Rg3 54. Rb5 Rxg4 55. Kc6 b3 56. a5 Bb4 57. a6 b2 58. Rf5+ Ke6 59.
Rf1 Bc3 60. a7 Ra4 61. Kb7 Kd5 62. a8=Q Rxa8 63. Kxa8 Kc4 64. Kb7 Kb3 65. Kc6
Ka2 66. Rf2 Ka1 67. Rf1+ b1=Q 68. Rxb1+ Kxb1 0-1

[Event "4NCL Online Division 2"]
[Site "online"]
[Date "2020.04.14"]
[Round "2.41"]
[White "Gayson, Peter M"]
[Black "Tanmay Chopra"]
[Result "0-1"]
[WhiteElo "2150"]
[BlackElo "2273"]
[PlyCount "80"]
[EventDate "2020.04.14"]
[WhiteTeam "Chessable White Rose 2"]
[BlackTeam "Harrow 1"]

1. e4 c5 2. Nf3 e6 3. d4 cxd4 4. Nxd4 a6 5. Nc3 Qc7 6. Bd3 Nc6 7. Nb3 Nf6 8.
O-O Be7 9. f4 d6 10. Kh1 b5 11. Qf3 Bb7 12. Qg3 O-O 13. Bd2 b4 14. Ne2 d5 15.
exd5 exd5 16. Ned4 Ne4 17. Bxe4 dxe4 18. c3 Nxd4 19. Nxd4 Bf6 20. Rac1 Qd7 21.
Nb3 Rac8 22. cxb4 Bxb2 23. Rxc8 Rxc8 24. f5 Qb5 25. Rf2 Be5 26. Qe3 Qd5 27. Rf1
f6 28. h3 Rc2 29. Be1 Qd3 30. Qxd3 exd3 31. Rf2 Rxf2 32. Bxf2 Bd5 33. Nd2 Bc3
34. Be3 Bxa2 35. g4 Bxb4 36. Kg2 Bd5+ 37. Kf2 a5 38. Nf1 a4 39. Bd4 d2 40. Ke2
Bc4+ 0-1

[Event "4NCL Online Division 2"]
[Site "online"]
[Date "2020.04.14"]
[Round "2.42"]
[White "Nettleton, Charlie B"]
[Black "Keetman, Maaike"]
[Result "0-1"]
[WhiteElo "2125"]
[BlackElo "2169"]
[PlyCount "72"]
[EventDate "2020.04.14"]
[WhiteTeam "Harrow 1"]
[BlackTeam "Chessable White Rose 2"]

1. Nf3 d5 2. b3 Bg4 3. Bb2 Nd7 4. e3 Ngf6 5. Be2 e6 6. Ne5 Bxe2 7. Qxe2 Nxe5 8.
Bxe5 Bd6 9. Bb2 O-O 10. d3 c6 11. Nd2 e5 12. e4 Re8 13. O-O a5 14. a4 Qc7 15.
Rfd1 Rad8 16. Nf1 g6 17. Qf3 Kg7 18. Ne3 Bb4 19. Ng4 Nxg4 20. Qxg4 f6 21. h4 h5
22. Qe2 Qd7 23. c4 dxc4 24. dxc4 Qg4 25. Qxg4 hxg4 26. Kf1 Bc5 27. Ke2 Bd4 28.
Rab1 c5 29. Bc1 Rd7 30. Be3 Rh8 31. g3 Rf8 32. Rd3 Rdf7 33. Bxd4 exd4 34. f4
Re7 35. Kd2 Rxe4 36. Re1 f5 0-1

[Event "4NCL Online Division 2"]
[Site "online"]
[Date "2020.04.14"]
[Round "2.43"]
[White "Edwards-Wright, Miles D"]
[Black "Coles, Steven F"]
[Result "1-0"]
[WhiteElo "1915"]
[BlackElo "2080"]
[PlyCount "55"]
[EventDate "2020.04.14"]
[WhiteTeam "Chessable White Rose 2"]
[BlackTeam "Harrow 1"]

1. c4 e5 2. Nc3 Bb4 3. Nf3 Nc6 4. g3 Nf6 5. Bg2 O-O 6. O-O Re8 7. d3 Bxc3 8.
bxc3 b6 9. Rb1 Bb7 10. e4 d6 11. Nh4 Ne7 12. Bg5 Ng6 13. Nf5 h6 14. Bd2 c6 15.
Qf3 d5 16. Rfd1 Kh7 17. Be3 Rg8 18. h4 Bc8 19. h5 Nf8 20. cxd5 cxd5 21. exd5
Qd7 22. Nxh6 Rh8 23. Bg5 Ng4 24. Nxf7 Rg8 25. Bd2 Nf6 26. Nxe5 Qe8 27. Re1 Nxh5
28. Nf7 1-0

[Event "4NCL Online Division 2"]
[Site "online"]
[Date "2020.04.14"]
[Round "2.44"]
[White "Chan, Nevil"]
[Black "Parkhouse, Max"]
[Result "1/2-1/2"]
[WhiteElo "2042"]
[BlackElo "1832"]
[PlyCount "92"]
[EventDate "2020.04.14"]
[WhiteTeam "Harrow 1"]
[BlackTeam "Chessable White Rose 2"]

1. d4 d5 2. Nc3 Bf5 3. Bf4 c6 4. e3 e6 5. Bd3 Bg6 6. Nf3 Nf6 7. O-O Bd6 8. Re1
Bxf4 9. exf4 O-O 10. Ne5 Nbd7 11. Nxg6 hxg6 12. Ne2 c5 13. c3 Qb6 14. Qd2 Rac8
15. Rad1 Nb8 16. dxc5 Qxc5 17. Nd4 Qb6 18. Bb1 Nc6 19. Nf3 Na5 20. Ne5 Nc4 21.
Nxc4 Rxc4 22. Bd3 Rc6 23. g3 a6 24. Re2 Rfc8 25. Bb1 Qc7 26. Qd4 Rc4 27. Qe5 b5
28. a3 Qb6 29. Qe3 Qxe3 30. fxe3 a5 31. Bd3 R4c5 32. h3 Rb8 33. Kf2 b4 34. axb4
axb4 35. cxb4 Rxb4 36. Rdd2 Rc8 37. Rc2 Rcb8 38. Ke1 Kf8 39. Kd1 Ke7 40. Kc1
Kd6 41. Rc3 Nd7 42. Rec2 R8b6 43. Rc8 Rb3 44. R8c3 R3b4 45. Rc8 Rb3 46. R8c3
R3b4 1/2-1/2

[Event "4NCL Online Division 2"]
[Site "online"]
[Date "2020.04.14"]
[Round "2.51"]
[White "Martin, Lewis"]
[Black "Garcia, Jason"]
[Result "0-1"]
[WhiteElo "2275"]
[BlackElo "2028"]
[PlyCount "52"]
[EventDate "2020.04.14"]
[WhiteTeam "Downend 1"]
[BlackTeam "Rhyfelwyr Essyllwg"]

1. e4 c5 2. Nf3 d6 3. d4 cxd4 4. Nxd4 Nf6 5. Nc3 a6 6. Bg5 Nbd7 7. Qe2 b5 8. f4
e5 9. O-O-O exd4 10. e5 Nxe5 11. fxe5 dxc3 12. exf6+ Be6 13. Qf3 Rc8 14. Bxb5+
axb5 15. Rhe1 cxb2+ 16. Kb1 Qc7 17. Qb3 Qc4 18. Qxb2 Rg8 19. Rd4 Qc6 20. Qb3
Kd7 21. Qd3 gxf6 22. Bxf6 Rxg2 23. Rxe6 fxe6 24. Qxh7+ Bg7 25. Bxg7 Rg1+ 26.
Kb2 Qc3# 0-1

[Event "4NCL Online Division 2"]
[Site "online"]
[Date "2020.04.14"]
[Round "2.52"]
[White "Heaven, Pete"]
[Black "Savory, Richard J"]
[Result "1/2-1/2"]
[WhiteElo "1979"]
[BlackElo "2132"]
[PlyCount "40"]
[EventDate "2020.04.14"]
[WhiteTeam "Rhyfelwyr Essyllwg"]
[BlackTeam "Downend 1"]

1. e4 c5 2. Nf3 d6 3. d4 cxd4 4. Nxd4 Nf6 5. Nc3 a6 6. Be3 e5 7. Nb3 Be6 8. f3
Nbd7 9. Qd2 b5 10. a4 b4 11. Nd5 Bxd5 12. exd5 Nb6 13. Bxb6 Qxb6 14. a5 Qb7 15.
Bc4 Nd7 16. Ra4 Rb8 17. Qd3 Ra8 18. Qd2 Rb8 19. Qd3 Ra8 20. Qd2 Rb8 1/2-1/2

[Event "4NCL Online Division 2"]
[Site "online"]
[Date "2020.04.14"]
[Round "2.53"]
[White "Thompson, Robert"]
[Black "Jones, Derek"]
[Result "1-0"]
[WhiteElo "1985"]
[BlackElo "1964"]
[PlyCount "135"]
[EventDate "2020.04.14"]
[WhiteTeam "Downend 1"]
[BlackTeam "Rhyfelwyr Essyllwg"]

1. Nf3 Nf6 2. c4 c5 3. Nc3 d5 4. cxd5 Nxd5 5. Qb3 e6 6. Nxd5 exd5 7. d4 Nc6 8.
Qb5 a6 9. Qa4 b5 10. Qd1 c4 11. g3 Bb4+ 12. Bd2 O-O 13. Bxb4 Nxb4 14. a3 Nc6
15. Bg2 Re8 16. O-O Qb6 17. Ne5 Nxe5 18. dxe5 Bb7 19. e3 Rxe5 20. Qg4 Rd8 21.
Rfd1 b4 22. axb4 Qxb4 23. Qd4 Re6 24. e4 Red6 25. exd5 Qb5 26. Qa7 g6 27. Rd2
Kg7 28. Qd4+ f6 29. Rad1 Bxd5 30. Bxd5 Rxd5 31. Qa7+ R8d7 32. Qxd7+ Rxd7 33.
Rxd7+ Kh6 34. R1d2 a5 35. h4 a4 36. Re7 a3 37. bxa3 g5 38. hxg5+ Kxg5 39. Re3
Qb1+ 40. Kg2 Qc1 41. Rd5+ Kg6 42. Rc5 Qc2 43. g4 h5 44. gxh5+ Kf7 45. Rc7+ Kf8
46. a4 Qf5 47. a5 Qxa5 48. Rc8+ Kf7 49. Rf3 Qxh5 50. Rxc4 Qg5+ 51. Kf1 Qd5 52.
Rcf4 Qd1+ 53. Kg2 Qd6 54. Kh3 Qe6+ 55. Kg2 Qc6 56. Kg3 Qd6 57. Kg4 Qe6+ 58. Rf5
Kg6 59. R3f4 Qe2+ 60. Kg3 Qe6 61. Rxf6+ Qxf6 62. Rxf6+ Kxf6 63. Kf4 Kf7 64. Kf5
Kf8 65. Kf6 Kg8 66. f4 Kf8 67. f5 Kg8 68. Ke7 1-0

[Event "4NCL Online Division 2"]
[Site "online"]
[Date "2020.04.14"]
[Round "2.54"]
[White "Summers, Charles"]
[Black "Conterno, Dominique"]
[Result "0-1"]
[WhiteElo "1847"]
[BlackElo "1907"]
[PlyCount "86"]
[EventDate "2020.04.14"]
[WhiteTeam "Rhyfelwyr Essyllwg"]
[BlackTeam "Downend 1"]

1. d4 Nf6 2. Nc3 d5 3. e4 dxe4 4. f3 exf3 5. Nxf3 g6 6. Bc4 Bg7 7. O-O O-O 8.
Qe1 c6 9. Qh4 Nbd7 10. Bh6 Nb6 11. Bb3 a5 12. a4 Bxh6 13. Qxh6 Ng4 14. Qh4 Nf6
15. Ng5 h5 16. Rf4 Nbd5 17. Nxd5 cxd5 18. Raf1 Ra6 19. h3 Kg7 20. g4 Rh8 21.
Nxf7 Kxf7 22. g5 Bf5 23. gxf6 exf6 24. Qg3 Rd6 25. c4 dxc4 26. Bxc4+ Kf8 27.
Qa3 Kg7 28. Qg3 Bd7 29. b3 Bc6 30. d5 Be8 31. Re1 Bf7 32. Ref1 Re8 33. Qf3 Re5
34. Qc3 Bxd5 35. Bxd5 Rexd5 36. R4f3 Rd3 37. Qc4 Rxf3 38. Rxf3 Rd1+ 39. Kg2
Qd2+ 40. Rf2 Qg5+ 41. Kf3 Qd5+ 42. Qxd5 Rxd5 43. Re2 Rd3+ 0-1

[Event "4NCL Online Division 2"]
[Site "online"]
[Date "2020.04.14"]
[Round "2.61"]
[White "Higgie, Charles L"]
[Black "Combie, Alex B"]
[Result "1/2-1/2"]
[WhiteElo "1922"]
[BlackElo "1990"]
[PlyCount "98"]
[EventDate "2020.04.14"]
[WhiteTeam "Higgie's Heroes"]
[BlackTeam "Ashfield Anonymous A"]

1. e4 c5 2. Nf3 d6 3. d4 cxd4 4. Nxd4 Nf6 5. Nc3 a6 6. Be3 e5 7. Nb3 Be6 8. Qd2
Be7 9. f3 O-O 10. O-O-O Nbd7 11. g4 b5 12. g5 b4 13. Ne2 Ne8 14. f4 a5 15. f5
a4 16. Nbd4 exd4 17. Nxd4 b3 18. Kb1 bxc2+ 19. Nxc2 Bb3 20. axb3 axb3 21. Na3
d5 22. Qxd5 Bxa3 23. Qxd7 Qa5 24. Qb5 Be7 25. Qxa5 Rxa5 26. Bc4 Nd6 27. Bd5
Nxe4 28. Bxe4 Re5 29. Rd3 Rxe4 30. Rxb3 Re5 31. Rf1 Bc5 32. Rf3 Bxe3 33. Rbxe3
Rfe8 34. Rxe5 Rxe5 35. Rf4 Kf8 36. Ka2 Ke7 37. Ka3 Kd6 38. Ka4 Re2 39. Rh4 Rxb2
40. Rxh7 Ke5 41. Rxg7 Kxf5 42. Rxf7+ Kxg5 43. Rh7 Rb6 44. Ka5 Rh6 45. Rxh6 Kxh6
46. Kb5 Kh5 47. Kc5 Kh4 48. Kd5 Kh3 49. Ke5 Kxh2 1/2-1/2

[Event "4NCL Online Division 2"]
[Site "online"]
[Date "2020.04.14"]
[Round "2.62"]
[White "Gogia, Armaan"]
[Black "Carr, Steven"]
[Result "1/2-1/2"]
[WhiteElo "1990"]
[BlackElo "1943"]
[PlyCount "57"]
[EventDate "2020.04.14"]
[WhiteTeam "Ashfield Anonymous A"]
[BlackTeam "Higgie's Heroes"]

1. e4 d6 2. Nc3 Nf6 3. d4 Nbd7 4. f4 e5 5. Nf3 exd4 6. Qxd4 c6 7. Be3 d5 8.
exd5 Bc5 9. Qd2 Qe7 10. Nd4 Nb6 11. O-O-O Nbxd5 12. Bf2 O-O 13. Nxd5 Nxd5 14.
Bc4 Rd8 15. Rhe1 Qf6 16. Nb3 Bxf2 17. Qxf2 Bg4 18. Rd4 Nb6 19. Be2 Rxd4 20.
Qxd4 Qe7 21. Qe5 Qxe5 22. fxe5 Bxe2 23. Rxe2 Re8 24. Nc5 Nc4 25. Nxb7 Rxe5 26.
Rxe5 Nxe5 27. Kd2 Kf8 28. Nd6 Ke7 29. Ne4 1/2-1/2

[Event "4NCL Online Division 2"]
[Site "online"]
[Date "2020.04.14"]
[Round "2.63"]
[White "McMahon, Timothy P"]
[Black "Truman, Richard G"]
[Result "0-1"]
[WhiteElo "1937"]
[BlackElo "1990"]
[PlyCount "100"]
[EventDate "2020.04.14"]
[WhiteTeam "Higgie's Heroes"]
[BlackTeam "Ashfield Anonymous A"]

1. e4 c5 2. Nf3 e6 3. d3 Nc6 4. Qe2 d6 5. c3 Nge7 6. g3 g6 7. Bg2 Bg7 8. O-O
O-O 9. Nbd2 b6 10. Re1 Ba6 11. Qe3 Rc8 12. a3 Qd7 13. Rb1 Rfd8 14. d4 cxd4 15.
cxd4 d5 16. e5 Nf5 17. Qf4 h5 18. g4 Bh6 19. g5 Bf8 20. b4 Bd3 21. Rb3 Bc4 22.
Rc3 b5 23. Nb3 Nxb4 24. axb4 Bxb4 25. Nc5 Rxc5 26. dxc5 Bxc3 27. Bd2 Bxd2 28.
Nxd2 Rc8 29. Rd1 Qc7 30. Bh3 Ne7 31. Qf6 Qxc5 32. Nf3 Be2 33. Bxe6 fxe6 34.
Qxe6+ Kf8 35. Ra1 Bxf3 36. Qf6+ Ke8 37. Qxf3 Nf5 38. Rd1 Rd8 39. e6 b4 40. Qb3
Rd6 41. Qb2 Qc3 42. Qa2 Qc4 43. Qxa7 Qg4+ 44. Kf1 Qxd1+ 45. Kg2 Qg4+ 46. Kf1
Qh3+ 47. Kg1 Rxe6 48. Qb8+ Kf7 49. Qb7+ Ne7 50. Qxb4 Qg4+ 0-1

[Event "4NCL Online Division 2"]
[Site "online"]
[Date "2020.04.14"]
[Round "2.64"]
[White "Garnett, John S"]
[Black "Lovatt, Peter G"]
[Result "1/2-1/2"]
[WhiteElo "1982"]
[BlackElo "1787"]
[PlyCount "65"]
[EventDate "2020.04.14"]
[WhiteTeam "Ashfield Anonymous A"]
[BlackTeam "Higgie's Heroes"]

1. d4 Nf6 2. Bg5 d6 3. Bxf6 exf6 4. e3 g6 5. g3 Bg7 6. Bg2 O-O 7. Ne2 Nd7 8. c4
Re8 9. O-O f5 10. Nbc3 Nf6 11. Qc2 a5 12. Rac1 c6 13. Rfd1 Qe7 14. d5 c5 15.
Nb5 Ne4 16. Nec3 Nxc3 17. Nxc3 Bd7 18. Re1 Qf6 19. Re2 Rab8 20. Qd2 b5 21. cxb5
Bxb5 22. Nxb5 Rxb5 23. b3 Reb8 24. e4 fxe4 25. Rxe4 Rb4 26. Rce1 Rxe4 27. Bxe4
a4 28. Bc2 axb3 29. Bxb3 Qc3 30. Qxc3 Bxc3 31. Rc1 Bd4 32. Rc2 Kf8 33. Kf1
1/2-1/2

[Event "4NCL Online Division 2"]
[Site "online"]
[Date "2020.04.14"]
[Round "2.71"]
[White "Gardner, James"]
[Black "Savidge, Daniel"]
[Result "1-0"]
[WhiteElo "2132"]
[BlackElo "2155"]
[PlyCount "73"]
[EventDate "2020.04.14"]
[WhiteTeam "MK Phoenix 1"]
[BlackTeam "Bristol University A"]

1. d4 f5 2. Bf4 Nf6 3. e3 d6 4. Nf3 g6 5. c4 Bg7 6. Nc3 O-O 7. h3 e6 8. Be2 Qe7
9. O-O Nc6 10. d5 Nd8 11. dxe6 Nxe6 12. Bh2 Bd7 13. Rc1 Ne4 14. Nd5 Qf7 15. Qc2
Rae8 16. Nd2 Nxd2 17. Qxd2 Bc6 18. b4 Ng5 19. Qd3 Ne4 20. Bd1 Bxd5 21. cxd5 Re7
22. Bf3 g5 23. Rc4 Rfe8 24. Rfc1 h5 25. Qd1 g4 26. hxg4 hxg4 27. Bxe4 fxe4 28.
Qxg4 Qxd5 29. Rxc7 Qxa2 30. Rxe7 Rxe7 31. Rc8+ Kf7 32. Qf5+ Bf6 33. Bxd6 Qe6
34. Qh7+ Bg7 35. Qh5+ Kf6 36. Bxe7+ Qxe7 37. Qh4+ 1-0

[Event "4NCL Online Division 2"]
[Site "online"]
[Date "2020.04.14"]
[Round "2.72"]
[White "Gallagher, Ian G"]
[Black "Brown, Alan M"]
[Result "1/2-1/2"]
[WhiteElo "2132"]
[BlackElo "2008"]
[PlyCount "48"]
[EventDate "2020.04.14"]
[WhiteTeam "Bristol University A"]
[BlackTeam "MK Phoenix 1"]

1. d4 d5 2. c4 e6 3. Nc3 Nf6 4. Nf3 Be7 5. Bf4 O-O 6. e3 b6 7. Bd3 Bb7 8. cxd5
exd5 9. O-O c5 10. Rc1 Nc6 11. Ne5 a6 12. Bb1 Rc8 13. Bg5 g6 14. f4 Nd7 15. Bh6
Re8 16. Nxd5 Ncxe5 17. Nxe7+ Qxe7 18. dxe5 f6 19. Qg4 fxe5 20. f5 Nf6 21. Qg3
Nh5 22. Qg4 Nf6 23. Qg3 Nh5 24. Qg4 Nf6 1/2-1/2

[Event "4NCL Online Division 2"]
[Site "online"]
[Date "2020.04.14"]
[Round "2.73"]
[White "Cox, Toby"]
[Black "Luc, Ethan"]
[Result "0-1"]
[WhiteElo "2020"]
[BlackElo "1990"]
[PlyCount "74"]
[EventDate "2020.04.14"]
[WhiteTeam "MK Phoenix 1"]
[BlackTeam "Bristol University A"]

1. e4 e5 2. f4 exf4 3. Nf3 d5 4. exd5 Nf6 5. Bb5+ Bd7 6. Bxd7+ Qxd7 7. c4 c6 8.
dxc6 Nxc6 9. d4 Qe6+ 10. Qe2 Qxe2+ 11. Kxe2 O-O-O 12. Rd1 Nb4 13. Nc3 Bd6 14.
a3 Rhe8+ 15. Kd2 Nc6 16. Kc2 h6 17. b4 g5 18. d5 Ne5 19. Nxe5 Bxe5 20. Bb2 Ng4
21. Rd2 Nxh2 22. Nb5 a6 23. Nd4 Ng4 24. Rh1 Ne3+ 25. Kb3 Bg7 26. Nf3 Bxb2 27.
Rxb2 Nxg2 28. Rxg2 Re3+ 29. Kb2 Rxf3 30. Rxh6 Rg8 31. Rh7 g4 32. Rxf7 g3 33. a4
Rf1 34. Re2 g2 35. Ree7 g1=Q 36. Rc7+ Kb8 37. Rxb7+ Ka8 0-1

[Event "4NCL Online Division 2"]
[Site "online"]
[Date "2020.04.14"]
[Round "2.74"]
[White "Vaughan, Alex"]
[Black "Hunt, Peter"]
[Result "1-0"]
[WhiteElo "1975"]
[BlackElo "2020"]
[PlyCount "57"]
[EventDate "2020.04.14"]
[WhiteTeam "Bristol University A"]
[BlackTeam "MK Phoenix 1"]

1. e4 d6 2. d4 Nf6 3. Bd3 e5 4. c3 g6 5. Nf3 Bg4 6. O-O Bg7 7. Nbd2 exd4 8.
cxd4 O-O 9. h3 Bxf3 10. Nxf3 Nbd7 11. Re1 c5 12. e5 dxe5 13. dxe5 Ne8 14. Bg5
f6 15. e6 fxg5 16. e7 Qb6 17. exf8=Q+ Nxf8 18. Bc4+ Kh8 19. Qd5 Nf6 20. Qf7 Bh6
21. Re7 Qxb2 22. Rae1 b5 23. Ne5 bxc4 24. Qxf6+ Kg8 25. Qf7+ Kh8 26. Qxc4 Rb8
27. Nf7+ Kg7 28. Nxg5+ Kf6 29. Qf4# 1-0

[Event "4NCL Online Division 2"]
[Site "online"]
[Date "2020.04.14"]
[Round "2.81"]
[White "Cole, James"]
[Black "Jarmany, David"]
[Result "0-1"]
[WhiteElo "2057"]
[BlackElo "2267"]
[PlyCount "78"]
[EventDate "2020.04.14"]
[WhiteTeam "Oxford 2"]
[BlackTeam "Maryport Assassins A"]

1. d4 d5 2. Nf3 Nc6 3. c4 Bg4 4. cxd5 Bxf3 5. gxf3 Qxd5 6. e3 e6 7. Nc3 Bb4 8.
Bd2 Bxc3 9. Bxc3 Nge7 10. e4 Qh5 11. Be2 O-O-O 12. Qa4 Rd6 13. O-O-O Rhd8 14.
Kb1 f5 15. Qc4 Qh4 16. d5 exd5 17. exd5 Qxc4 18. Bxc4 g6 19. Rde1 Nxd5 20. Bd2
Nd4 21. Bg5 Nxf3 22. Bxd8 Nxe1 23. Bxc7 Kxc7 24. Rxe1 Nf6 25. Re2 a6 26. Bb3
Kc6 27. Kc2 Kc5 28. Bf7 Ne4 29. h4 Kd4 30. f3 Rc6+ 31. Kd1 Ng3 32. Re7 b5 33.
Bg8 h6 34. Bf7 Nh5 35. Kd2 Nf4 36. Rd7+ Ke5 37. a3 Rd6+ 38. Rxd6 Kxd6 39. Ke3
Ng2+ 0-1

[Event "4NCL Online Division 2"]
[Site "online"]
[Date "2020.04.14"]
[Round "2.82"]
[White "Davis, Holden"]
[Black "Hayward, Philip"]
[Result "1-0"]
[WhiteElo "1982"]
[BlackElo "2080"]
[PlyCount "71"]
[EventDate "2020.04.14"]
[WhiteTeam "Maryport Assassins A"]
[BlackTeam "Oxford 2"]

1. e4 e6 2. d4 d5 3. Nd2 Nf6 4. e5 Nfd7 5. Bd3 c5 6. c3 Nc6 7. Ne2 cxd4 8. cxd4
f6 9. exf6 Nxf6 10. Nf3 Bd6 11. O-O Qc7 12. Bg5 O-O 13. Rc1 Bd7 14. Re1 h6 15.
Bh4 Nh5 16. Nc3 a6 17. Bb1 Nf4 18. Bg3 Be8 19. Ne2 Bh5 20. Nxf4 Bxf4 21. Qd3 g5
22. Rxe6 Qg7 23. Rce1 Rac8 24. a3 Bf7 25. Bxf4 gxf4 26. R6e2 Bh5 27. Kh1 Kh8
28. Re6 Bf7 29. Rd6 Rce8 30. Rd1 Bh5 31. Rxd5 Bxf3 32. Qxf3 Nxd4 33. Qh3 f3 34.
R5xd4 Qxd4 35. Qxh6+ Kg8 36. Qh7# 1-0

[Event "4NCL Online Division 2"]
[Site "online"]
[Date "2020.04.14"]
[Round "2.83"]
[White "Foster, Timothy"]
[Black "Hart, Roger"]
[Result "1-0"]
[WhiteElo "1872"]
[BlackElo "1915"]
[PlyCount "79"]
[EventDate "2020.04.14"]
[WhiteTeam "Oxford 2"]
[BlackTeam "Maryport Assassins A"]

1. b3 e5 2. Bb2 d6 3. e3 g6 4. d4 Bg7 5. dxe5 dxe5 6. Qxd8+ Kxd8 7. Nf3 Bf5 8.
Bxe5 f6 9. Bb2 Bxc2 10. Ng5 Ke8 11. Ne6 Bf8 12. Nxc7+ Kf7 13. Bc4+ Kg7 14. Nxa8
Bd6 15. Ba3 Be5 16. Kd2 Bxa1 17. Kxc2 Ne7 18. Bxe7 Nc6 19. Nc7 Nxe7 20. Ne6+
Kh6 21. f4 f5 22. Nc3 Bxc3 23. Kxc3 Rc8 24. Kb2 a6 25. h3 b5 26. Bd3 Rc6 27.
Nd4 Rd6 28. Rd1 Nd5 29. Nxf5+ gxf5 30. Bxf5 Nxe3 31. Rxd6+ Kh5 32. Bxh7 Nxg2
33. f5 Nf4 34. f6 Kh4 35. f7 Nh5 36. Rh6 Kg5 37. Rxh5+ Kxh5 38. f8=Q b4 39.
Qf5+ Kh6 40. Qg6# 1-0

[Event "4NCL Online Division 2"]
[Site "online"]
[Date "2020.04.14"]
[Round "2.84"]
[White "Sharkey, Gary"]
[Black "Cole, Graham"]
[Result "0-1"]
[WhiteElo "1765"]
[BlackElo "1818"]
[PlyCount "122"]
[EventDate "2020.04.14"]
[WhiteTeam "Maryport Assassins A"]
[BlackTeam "Oxford 2"]

1. d4 Nf6 2. Nc3 d5 3. e4 Nxe4 4. Bd3 Nc6 5. Be3 Nxc3 6. bxc3 e5 7. Qd2 Be6 8.
f3 Bd6 9. Qf2 exd4 10. Bxd4 Nxd4 11. Qxd4 Qg5 12. Ne2 O-O 13. f4 Qf6 14. Qf2
Bg4 15. O-O Bxe2 16. Qxe2 Rfe8 17. Qh5 g6 18. Qxd5 c6 19. Qf3 Qxc3 20. h4 Qc5+
21. Kh1 Qd5 22. Qh3 Rad8 23. f5 Qe5 24. fxg6 hxg6 25. Bc4 Re7 26. Rad1 Rdd7 27.
Rf2 Qg3 28. Qxg3 Bxg3 29. Rxd7 Rxd7 30. Rf1 Bxh4 31. Kh2 Bd8 32. Rf4 Kg7 33.
Re4 Bb6 34. Kh3 Rd4 35. Rxd4 Bxd4 36. Kg4 Kf6 37. Kf4 b5 38. Bb3 g5+ 39. Ke4
Bb6 40. a4 a6 41. c4 b4 42. g4 Bc5 43. a5 Bd6 44. Ba4 Bc7 45. Bxc6 b3 46. Kd4
Bxa5 47. c5 b2 48. Be4 Ke6 49. c6 Bc7 50. Kc5 Ke5 51. Bf5 Kf4 52. Kb4 b1=Q+ 53.
Bxb1 Kxg4 54. Bd3 a5+ 55. Kc4 f5 56. Kd4 f4 57. Ke4 f3 58. Ke3 Kg3 59. Bf1 f2
60. Ke2 a4 61. Ke3 a3 0-1

[Event "4NCL Online Division 2"]
[Site "online"]
[Date "2020.04.14"]
[Round "2.91"]
[White "Twine, David"]
[Black "Garwood, Colin"]
[Result "1-0"]
[WhiteElo "2072"]
[BlackElo "2140"]
[PlyCount "63"]
[EventDate "2020.04.14"]
[WhiteTeam "Plymouth"]
[BlackTeam "CSC 1"]

1. e4 e5 2. Nf3 Nc6 3. Bb5 a6 4. Ba4 Nf6 5. O-O Be7 6. Re1 b5 7. Bb3 d6 8. c3
O-O 9. h3 Nb8 10. d4 Nbd7 11. Nbd2 Bb7 12. Bc2 c5 13. d5 c4 14. Nf1 Qc7 15. Ng3
g6 16. Bh6 Rfc8 17. Nh2 Qd8 18. Ng4 Nxg4 19. Qxg4 Nf6 20. Qf3 Kh8 21. Bd2 Rc7
22. Nf1 Nh5 23. g4 Bg5 24. gxh5 Bxd2 25. Nxd2 Qg5+ 26. Kh1 Qxd2 27. Qf6+ Kg8
28. Re3 gxh5 29. Rg1+ Kf8 30. Qxd6+ Re7 31. Reg3 Ke8 32. Rg8# 1-0

[Event "4NCL Online Division 2"]
[Site "online"]
[Date "2020.04.14"]
[Round "2.92"]
[White "Saidmurodov, Shahjahon"]
[Black "Pollock, Richard M"]
[Result "1-0"]
[WhiteElo "2132"]
[BlackElo "2072"]
[PlyCount "33"]
[EventDate "2020.04.14"]
[WhiteTeam "CSC 1"]
[BlackTeam "Plymouth"]

1. e4 g6 2. d4 d6 3. Bc4 c6 4. Nc3 Bg7 5. Nf3 Qc7 6. Qe2 e5 7. Be3 Nf6 8. h3
O-O 9. O-O-O Nxe4 10. Nxe4 d5 11. Nxe5 Bxe5 12. dxe5 Qxe5 13. Bc5 Re8 14. Nf6+
Kh8 15. Nxe8 Qf4+ 16. Kb1 dxc4 17. Bd4+ 1-0

[Event "4NCL Online Division 2"]
[Site "online"]
[Date "2020.04.14"]
[Round "2.93"]
[White "Butland, Nick J"]
[Black "Frostick, Clive A"]
[Result "1/2-1/2"]
[WhiteElo "1922"]
[BlackElo "2108"]
[PlyCount "88"]
[EventDate "2020.04.14"]
[WhiteTeam "Plymouth"]
[BlackTeam "CSC 1"]

1. d4 d5 2. Nf3 e6 3. Bf4 Bd6 4. Bg3 Qe7 5. e3 Nd7 6. Nbd2 e5 7. dxe5 Nxe5 8.
Be2 Nf6 9. c3 c6 10. Nxe5 Bxe5 11. Bxe5 Qxe5 12. Nf3 Qe7 13. O-O O-O 14. Qc2
Bd7 15. Rad1 Rfd8 16. c4 Bg4 17. Nd4 Bxe2 18. Qxe2 Qe5 19. Nf3 Qe7 20. cxd5
Nxd5 21. Qc4 Qb4 22. Qxb4 Nxb4 23. a3 Na6 24. h3 Kf8 25. Rxd8+ Rxd8 26. Rc1 Rd3
27. Kf1 c5 28. Ke2 Rb3 29. Rc2 Ke7 30. Nd2 Rb6 31. Ne4 Rc6 32. Nc3 Nc7 33. Ne4
Ne6 34. Nc3 a6 35. a4 Nc7 36. Kd3 b5 37. axb5 axb5 38. Ke4 c4 39. Nd5+ Kd6 40.
Nb4 Rb6 41. Rd2+ Kc5 42. Nc2 Re6+ 43. Kf3 Rf6+ 44. Ke2 Rd6 1/2-1/2

[Event "4NCL Online Division 2"]
[Site "online"]
[Date "2020.04.14"]
[Round "2.94"]
[White "Hasson, Peter"]
[Black "O'brien, Megan E"]
[Result "1-0"]
[WhiteElo "2095"]
[BlackElo "1825"]
[PlyCount "51"]
[EventDate "2020.04.14"]
[WhiteTeam "CSC 1"]
[BlackTeam "Plymouth"]

1. c4 g6 2. Nc3 Bg7 3. g3 e5 4. Bg2 d6 5. d3 f5 6. Rb1 Nc6 7. e3 Nf6 8. b4 Ne7
9. Nge2 c6 10. b5 Bd7 11. Ba3 Qc7 12. O-O O-O 13. Qb3 Kh8 14. bxc6 Bxc6 15.
Bxc6 bxc6 16. Qb7 Qd8 17. d4 Ne8 18. Rfd1 e4 19. Rb3 Nc7 20. Rdb1 Qd7 21. Nf4
Rfc8 22. d5 Rcb8 23. Qxb8+ Rxb8 24. Rxb8+ Ng8 25. Nce2 c5 26. R1b7 1-0